Hospodárska politika strany osnovy

Bibliographic Details
Format: Book
Language:Slovak
PhysicalDescription:32, [2] s. 8°
Published: Bratislava Pravda ÚV KSS 1974
Series:Stranícke vzdelávanie 1974-1975
Subjects:

MARC

LEADER 00000nam a2200000 a 4500
001 vtls008350068
003 SK-MaSNL
005 20260301204805.0
008 190102s1974 xo 000 slo
015 |a SKSNBA1974/09-02421 
035 |a SK01SNK19740042285 
035 |a SKM000044748 
040 |a SNK  |b slo  |c SNK  |e AACR2 
041 1 |a slo 
044 |a xo  |c SK 
080 |a 329.15(437)KSČ:338.2  |2 1981 
080 |a 338.2:329.15(437)KSČ  |2 1981 
245 1 0 |a Hospodárska politika strany  |b osnovy 
260 |a Bratislava  |b Pravda  |b ÚV KSS  |c 1974  |e Bratislava  |f Pravda 
300 |a 32, [2] s.  |c 8° 
490 1 |a Stranícke vzdelávanie 1974-1975 
500 |a Lit. Vyd. ÚV KSS pre potreby lektorov a poslucháčov 
500 |a Vyd. ÚV KSS v Pravde 
610 0 7 |a KSČ  |x politika hospodárska  |x vzdelávanie stranícke  |y 1974-1975  |2 SNK  |9 590042 
611 1 7 |a KSČ  |x politika hospodárska  |x vzdelávanie stranícke  |y 1974-1975  |2 SNK  |9 590043 
650 0 7 |a politika hospodárska  |x KSČ  |x vzdelávanie stranícke  |y 1974-1975  |2 SNK  |9 590044 
655 7 |a príručky  |2 SNKPH  |9 74364 
830 0 |a Stranícke vzdelávanie 1974-1975  |9 337012 
852 |a Slovenská národná knižnica v Martine  |b 10000  |h SC 34656 
852 |a Slovenská národná knižnica v Martine  |b 10000  |h SC 34656 D1 
958 |a OND 
958 |a TL 
958 |a BQ 
958 |a NB 
958 |a RK 
999 |c 907751  |d 909681 
952 |a SNK  |b SNK  |y VYP  |7 0  |p 17A1153331  |o snkSC 34656 D1  |i snkKSP 6281/74  |0 0  |1 0  |4 0  |d 2017-11-30  |l 0  |r 2026-02-24 07:34:27  |w 2026-02-24